| 000 | 00445nam a22001577a 4500 | ||
|---|---|---|---|
| 003 | OSt | ||
| 005 | 20230726115836.0 | ||
| 008 | 220915b |||||||| |||| 00| 0 eng d | ||
| 040 | _cBiblioteca Lado V | ||
| 082 |
_a708 _bP386t |
||
| 100 | _aPellegrin, Maurizio | ||
| 245 | _aTrilogías/ | ||
| 260 |
_aCosta Rica _bMuseo de arte y diseño contemporáneo _c2002 |
||
| 300 |
_a37p. _c21x22cm |
||
| 942 |
_2ddc _c1 _h708 _iP386t _n0 |
||
| 999 |
_c2031 _d2031 |
||